00361nam a22001217a 4500003000400000082001700004100001900021245013000040260003500170300000800205650001800213653000800231SGT a617.84bA22K aKALRA, SHEETAL aA study of Physical Fitness psychological Health of post Menopausal Women and Associated Factors In Urban And Rural gurugram  aGURUGRAMbSGT UNIVERSITYc2022 a142 aPHYSIOTHERAPY aPHD